| 000 | 00368nam a2200133Ia 4500 | ||
|---|---|---|---|
| 008 | 260604s9999 xx 000 0 und d | ||
| 020 | _a9780415804646 | ||
| 082 | _a658.3 CHA | ||
| 100 |
_aJoseph e. champoux _935775 |
||
| 245 | 0 | _aOrganizational Behavior: Integrating Individuals Groups and Organizations Paperback | |
| 260 | _bCRC Press | ||
| 500 | _aOB | ||
| 942 | _cBK | ||
| 999 |
_c8605 _d8605 |
||